Famosos por letra - K - Estadísticas

Estadísticas generales
  • Esta prueba ha sido intentada 57 veces
  • La puntuación promedio es 6 de 16
Estadísticas de respuestas
Imagen Respuesta % Correcto
Katy Perry
88%
Kim Kardashian
88%
Karim Benzema
85%
Kate Middleton
48%
Kaley Cuoco
44%
Kate Moss
38%
Kevin Bacon
38%
Kareem Abdul-Jabbar
33%
Kevin Costner
33%
Karl Lagerfeld
29%
Kathy Bates
21%
Kurt Russell
21%
Kim Cattrall
13%
Katherine Heigl
8%
Kate Upton
6%
Karolina Kurkova
4%
No se encontraron pruebas coincidentes
Distribución de puntuación
Porcentaje de gente con cada puntuación
Porcentaje por número respondido
Historial de tus puntuaciones
No has intentado esta prueba.